The problem of power: seeking a methodological solution (Record no. 42857)

000 -LEADER
fixed length control field 01377pab a2200157 454500
008 - FIXED-LENGTH DATA ELEMENTS--GENERAL INFORMATION
fixed length control field 180718b1999 xxu||||| |||| 00| 0 eng d
100 ## - MAIN ENTRY--PERSONAL NAME
Personal name Parsons, Michael D.
245 ## - TITLE STATEMENT
Title The problem of power: seeking a methodological solution
260 ## - PUBLICATION, DISTRIBUTION, ETC.
Date of publication, distribution, etc. 1999
300 ## - PHYSICAL DESCRIPTION
Extent p.278-310
362 ## - DATES OF PUBLICATION AND/OR SEQUENTIAL DESIGNATION
Dates of publication and/or sequential designation Fall/Winter
520 ## - SUMMARY, ETC.
Summary, etc. The purpose of this article is to offer a methodological approach for reconstructing and reclaiming power in policy analysis and research. Positivist and post-positivist researchers have largely abandoned the concept after failing to produce a universal definition of power. Interpretive researchers tend to produce definitions that are a function of the methodology and theory selected to guide the inquiry review earlier efforts to define power before presenting a methodology that was used to guide a study of power in the federal higher education policy arena. The methodology combines several methods with the common thread being interpretation. At the heart of this approach is Callon and Latour's (1981) sociology of translation. The claim made for this approach is that it presents a clearer field of vision unimpeded by a priori interpretations or theories of power. The meaning of power is allowed to emerge from the social setting which is being studied. - Reproduced
650 ## - SUBJECT ADDED ENTRY--TOPICAL TERM
Topical term or geographic name entry element Political power
773 ## - HOST ITEM ENTRY
Main entry heading Policy Studies Review
909 ## -
-- 42857
Holdings
Withdrawn status Lost status Damaged status Not for loan Permanent Location Current Location Date acquired Serial Enumeration / chronology Barcode Date last seen Price effective from Koha item type
        Indian Institute of Public Administration Indian Institute of Public Administration 2018-07-19 Volume no: 16, Issue no: 3-4 AR43242 2018-07-19 2018-07-19 Articles

Powered by Koha